ბათუმის შოთა რუსთაველის სახელმწიფო უნივერსიტეტის ბიბლიოთეკა

ქართველი ხალხის ტრადიციული სამედიცინო კულტურა / (ბიბ.ჩანაწერი № 42054)

000 -ლიდერი
ფიქსირებული სიგრძის საკონტროლო ველი 01114nam a2200229Ia 4500
001 - საკონტროლო ნომერი
საკონტროლო ველი 8744
003 - საკონტროლო ნომრის იდენტიფიკატორი
საკონტროლო ველი GE_BSU
005 - ბოლო ოპერაციის თარიღი და დრო
საკონტროლო ველი 20240513171142.0
008 - ფიქსირებული სიგრძის მონაცემთა ელემენტები - ზოგადი ინფორმაცია
ფიქსირებული სიგრძის საკონტროლო ველი 181216s2013||||ge |||||||||||||| ||geo||
020 ## - წიგნის საერთაშორისო სტანდარტული ნომერი
International Standard Book Number 9789941930126
040 ## - კატალოგიზაციის წყარო
Transcribing agency GE_BSU
041 ## - ენის კოდი
Language code of text/sound track or separate title geo
080 ## - უნივერსალური ათობითი კლასიფიკაციის ინდექსი
Universal Decimal Classification number 615.89(479.22)+392(=353.1) მ–69
100 ## - მთავარი ჩანაწერი - პიროვნების სახელი
Personal name მინდაძე, ნინო
9 (RLIN) 1906
245 ## - ცნობა სათაურის შესახებ
Title ქართველი ხალხის ტრადიციული სამედიცინო კულტურა /
Statement of responsibility, etc ნინო მინდაძე ; რედ. თ. ოჩიაური, ირ. სურგულაძე ; რეზ. თარგმნა ლ. გაბეჩავამ.
264 ## - წარმოების, გამოცემის, დისტრიბუციის და სხვა ცნობები
გამოცემის, წარმოების, დისტრიბუციის... ადგილი თბილისი :
გამოცემის, წარმოების, დისტრიბუციის... სახელწოდება ?,
გამოცემის, წარმოების, დისტრიბუციის... თარიღი 2013.
300 ## - ფიზიკური აღწერა
Extent 334 გვ. ;
Dimensions 20 სმ.
653 ## - INDEX TERM--UNCONTROLLED
Uncontrolled term ქართველი ხალხის ტრადიციული სამედიცინო კულტურა
700 ## - ADDED ENTRY--PERSONAL NAME
Personal name ოჩიაური, თ.
Relator term რედაქტორი
9 (RLIN) 22084
700 ## - ADDED ENTRY--PERSONAL NAME
Personal name სურგულაძე, ირ.
Relator term რედაქტორი
9 (RLIN) 22085
942 ## - ADDED ENTRY ELEMENTS (KOHA)
Koha item type წიგნი
Source of classification or shelving scheme
ეგზემპლარები
ჩამოწერის სტატუსი დაკარგული ეგზემპლარის სტატუსი კლასიფიკაციის წყარო ან თაროზე გაწყობის სქემა დაზიანების სტატუსი არ გაიცემა მუდმივი მდებარეობა (დაცვის ადგილი) ამჟამინდელი ადგილსამყოფელი თაროზე განთავსების ადგილი შეძენის თარიღი სრული შენახვის შიფრი შტრიხკოდი ბოლო ოპერაციის თარიღი ეგზემპლარის მიმდევრობითი ნომერი (კეტერი?) ფასის ძალაში შესვლის თარიღი ეგზემპლარის სახეობა
          ბათუმის შოთა რუსთაველის სახელმწიფო უნივერსიტეტის მთავარი ბიბლიოთეკა ბათუმის შოთა რუსთაველის სახელმწიფო უნივერსიტეტის მთავარი ბიბლიოთეკა წიგნსაცავი 2018-12-17 615.89(479.22)+392(=353.1) მ–69 26737 2018-12-17 26737 2018-12-17 წიგნი